Śródlądowe kraje Afryki - Statystyki

Ogólne statystyki
  • Ten quiz został rozwiązany 13 razy
  • Średni wynik to 14 z 16
Statystyki odpowiedzi
Odpowiedź % Poprawnych
Czad
100%
Mali
100%
Sudan Południowy
100%
Eswatini
92%
Lesotho
92%
Rwanda
92%
Uganda
92%
Zambia
92%
Botswana
83%
Burundi
83%
Malawi
83%
Niger
83%
Zimbabwe
83%
Etiopia
75%
Republika Środkowoafrykańska
75%
Burkina Faso
67%
Nie znaleziono quizów pasujących do podanych kryteriów
Rozkład punktacji
Procent ludzi z każdym wynikiem
Percentyl według liczby udzielonych odpowiedzi
Twoja historia wyników
Nie rozwiązałeś tego quizu